000 00804nam a22002417a 4500
003 DO-SdBNP
005 20260415110334.0
007 ta
008 260415b2012 dr ||||| |||| 00| 0 spa d
040 _aDO-SdBNP
_bspa
_cBNPHU
_erda
041 _aspa
082 4 _a342.729302
_bR426co 2012
_222
110 1 _aRepùblica Dominicana.
_bTribunal Constitucional
_977090
245 1 0 _aConstituciòn de la República Dominicana :
_bproclamada el 26 de Enero de 2010. Publicada en la Gaceta Oficial No. 10561
264 1 _aSanto Domingo :
_bImpresión Soto Castillo,
_c2012.
300 _a127 páginas :
_c23 cm
336 _atexto
_btxt
_2rdacontent
337 _asinmediación
_bn
_2rdamedia
338 _avolumen
_bnc
_2rdacarrier
590 _aInventariado, 2026/BT
910 _aBtavárez
942 _2ddc
_cLBS1
999 _c60552
_d60552